书目信息 |
| 题名: |
玻璃仪器的性能及应用
|
|
| 作者: | 何少华 编 | |
| 分册: | ||
| 出版信息: | 北京 北京出版社 1983 |
|
| 页数: | 155页 | |
| 开本: | 19cm | |
| 丛书名: | ||
| 单 册: | ||
| 中图分类: | O6-32 | |
| 科图分类: | ||
| 主题词: | 化学实验 | |
| 电子资源: | ||
| ISBN: | ||
| 000 | 00633nam0 2200241 45 | |
| 001 | 0183012157 | |
| 005 | 20040519173038.4 | |
| 010 | @dCNY0.41 | |
| 091 | @a13071.148 | |
| 100 | @a19950323d1983 em y0chiy0121 ea | |
| 101 | 0 | @achi |
| 102 | @aCN@b110000 | |
| 105 | @ay 000yy | |
| 106 | @ar | |
| 200 | 10 | @a玻璃仪器的性能及应用@Abo li yi qi de xing neng ji ying yong@f何少华编 |
| 210 | @a北京@c北京出版社@d1983 | |
| 215 | @a155页@d19cm | |
| 606 | 0 | @a化学实验 |
| 690 | @aO6-32 | |
| 701 | 0 | @a何少华@Ahe shao hua@4编 |
| 801 | 0 | @aCN@b上海图书馆@c20040519 |
| 801 | 2 | @aCN@bNLC@c20040519 |
| 905 | @f2@b162232-233@dO6-32@e189 | |
| 玻璃仪器的性能及应用/何少华编.-北京:北京出版社,1983 |
| 155页;19cm |
| ISBN :CNY0.41 |
| ● |
| 相关链接 |
|
|
|
|
正题名:玻璃仪器的性能及应用
索取号:O6-32/189
 
预约/预借
| 序号 | 登录号 | 条形码 | 馆藏地/架位号 | 状态 | 备注 |
| 1 | 0162232 | 000340349 | 第三借阅区/ [索取号:O6-32/189] | 在馆 | |
| 2 | 0162233 | 000340358 | 第三借阅区/ [索取号:O6-32/189] | 在馆 | |
| 3 | 0162234 | 202097765 | 第二样本阅览室/ [索取号:O6-32/189] | 在馆 |